• 首页
  • 本馆介绍
  • 公告通知
  • 最新文献
  • 馆藏检索
  • 电子资源
  • 读者导购
  • 参考咨询
  • 我的图书馆
  • 登录
  • 详细信息显示
  • 放入我的书架
  • 预约/预借图书
  • 作者相关作品
  • 分类相关作品
  • 丛书相关作品
  • 出版社相关作品

书目信息

  • 表格格式
  • 工作单格式
  • 卡片格式
题名:
沙皇俄国的海上扩张
    
 
作者: 史剑 著
分册:  
出版信息: 北京   商务印书馆  1977
页数: 63页
开本: 19cm
丛书名:
单 册:
中图分类: K512.33
科图分类:
主题词: 中世纪史--苏联--1462~1689
电子资源:
ISBN:
000 00624nam0 2200229 45
001 0177000440
005 20070926111829.60
010    @dCNY0.15
100    @a19951018d1977 em y0chiy0121 ea
101 0  @achi
102    @aCN@b110000
105    @af z 000yy
200 10 @a沙皇俄国的海上扩张@Asha huang e guo de hai shang kuo zhang@f史剑著
210    @a北京@c商务印书馆@d1977
215    @a63页@c图@d19cm
300    @a历史知识读物
606    @a中世纪史@y苏联@z1462~1689
690    @aK512.33@v3
701  0 @a史剑@Ashi jian@4著
801  0 @aCN@bTSSF@c20070926
801  2 @aCN@bNLC@c20060814
905    @a10447@dK512.33@e37
    
    沙皇俄国的海上扩张/史剑著.-北京:商务印书馆,1977
    63页:图;19cm
    历史知识读物
    
    ISBN :CNY0.15
    
●
相关链接 在E读中查询图书 在五车中查询图书 在当当中查询图书 在豆瓣中查询图书


正题名:沙皇俄国的海上扩张     索取号:K512.33/37         预约/预借

序号 登录号 条形码 馆藏地/架位号 状态 备注
1 0462633   204626333   密集书库/ [索取号:K512.33/37] 在馆    
2 0609411   206094117   密集书库/ [索取号:K512.33/37] 在馆    
唐山师范学院图书馆 欢迎您!
大连网信软件有限公司© 版权所有